Código de procedimiento penal de la provincia de Buenos Aires
Uloženo v:
| Hlavní autor: | |
|---|---|
| Médium: | Kniha |
| Jazyk: | španělština |
| Vydáno: |
Buenos Aires, Argentina
Depalma
1966
|
| Vydání: | 2a. ed |
| Témata: | |
| Tagy: |
Přidat tag
Žádné tagy, Buďte první, kdo vytvoří štítek k tomuto záznamu!
|
MARC
| LEADER | 00000nam a2200000 a 4500 | ||
|---|---|---|---|
| 001 | UCS1067 | ||
| 003 | CL-VaPUC | ||
| 005 | 20241104084710.0 | ||
| 008 | 970509e19660000AG |||||||||||||||||spa|d | ||
| 999 | |c 259175 |d 259173 | ||
| 040 | |c Pontificia Universidad Católica de Valparaíso | ||
| 082 | 0 | 4 | |a 345.82 JOF 1966 |2 21 |
| 100 | 0 | |a Jofré, Tomás |e autor |9 385103 | |
| 245 | 1 | 0 | |a Código de procedimiento penal de la provincia de Buenos Aires |
| 250 | |a 2a. ed | ||
| 260 | 0 | 3 | |a Buenos Aires, Argentina |b Depalma |c 1966 |
| 300 | |a 414 páginas | ||
| 583 | |a last modification |c 19970509 00:00:00 |k Rodrigo Vera | ||
| 650 | 0 | |a Derecho procesal penal |9 256392 | |
| 650 | 7 | |a DERECHO PENAL |2 CL-VaPUC |9 11 | |
| 650 | 0 | |a Procedimiento penal |9 254974 | |
| 650 | 0 | |a Jurisprudencia |9 255952 | |
| 650 | 0 | |a Notificaciones procesales |9 385104 | |
| 650 | 0 | |a Medidas cautelares |9 256590 | |
| 650 | 0 | |a Costas |9 261336 | |
| 650 | 7 | |a DENUNCIA |2 CL-VaPUC |9 384910 | |
| 650 | 0 | |a Acción civil |9 384857 | |
| 650 | 0 | |a Delitos |9 224143 | |
| 650 | 0 | |a Prisión preventiva |9 257600 | |
| 650 | 0 | |a Sentencias |9 256250 | |
| 650 | 0 | |a Recurso contencioso administrativo |9 255491 | |
| 650 | 7 | |a RECURSO DE ACLARACION |2 CL-VaPUC |9 385106 | |
| 650 | 7 | |a RECURSO DE RECTIFICACION |2 CL-VaPUC |9 385107 | |
| 650 | 0 | |a Recurso de apelación |9 380716 | |
| 650 | 0 | |a Recurso de casación |9 258890 | |
| 650 | 7 | |a RECURSO DE QUEJA |2 CL-VaPUC |9 371878 | |
| 650 | 0 | |a Tribunales |9 254872 | |
| 650 | 7 | |a SOBRESEIMIENTO |2 CL-VaPUC |9 254976 | |
| 942 | |c BK |2 ddc | ||
| 945 | |d 19970509 00:00:00 |a cmena | ||
| 952 | |0 0 |1 0 |2 ddc |4 0 |6 345_820000000000000_JOF_1966 |7 0 |8 P |9 283774 |a BIBDER |b BIBDER |d 2019-11-19 |i 1842420 |o 345.82 JOF 1966 |p 1842420 |r 2023-01-25 |t 1 |w 2019-11-19 |y BK |k DER | ||